000 00540nam a2200169 i 4500
001 43212
003 ES-MaACL
005 20250904063045.0
007 t|
008 030317s1966 sp ||||1| spa d
100 1 _aCastro y Bravo, Federico de,
_d1903-1983
_936965
245 1 3 _aEl negocio fiduciario
_b: (estudio crítico de la teoría del doble efecto) /
_cpor Federico de Castro y Bravo.
260 _a[S.l. :
_bs.n.,
_c1966]
300 _a34 p. ;
_c24 cm.
852 _aES-MaACL
_j2057-F-3
_bR.62033
999 _c43212
_d43212